000 00904cam a2200253 a 4500
001 000016172
005 20200929164314.0
008 770617s1942 sp 000 0 spas
040 _aDO-SdBNP
_bspa
_cBNPHU
082 _a862.3
_bC146a, 1942
100 1 _aCalderón de la Barca, Pedro,
_d1600-1681.
_95547
245 1 0 _aAutos sacramentales /
_cPedro Calderón de la Barca ; prólogo, edición y notas de Ángel Valbuena Prat.
250 _a2a ed. corr.
260 _aMadrid :
_bEspasa-Calpe,
_c1942.
300 _a2 v. ;
_c20 cm.
490 1 _aClásicos castellanos
_v74
500 _aLa biblioteca posee el volumen 2
500 _aIncluye notas al pie de las páginas
650 4 _aTeatro español
_93071
650 4 _aLiteratura española
_9632
650 4 _aDrama religioso español
_915837
700 1 _aValbuena Prat, Ángel,
_d1900-,
_eed.
_915838
830 0 _aClásicos Castellanos ;
_v74
_94180
999 _c15712
_d15712